000 00479nam a2200181 i 4500
001 bgj
100 1 _aHOLT, Ron
245 1 0 _aBlue skies :
_bstudent's book /
_cRon Holt.
260 _aHarlow, Essex :
_bLongman,
_c1998.
300 _a47 pp. :
_bill., photos ;
_c28 cm.
650 9 _aEnglish language
_xTextbooks for children
020 _a0582336082
040 _cBPK
041 0 _aeng
920 _a0-582-33608-2
942 _cKS
008 s uk f |000 0 eng
999 _c48461
_d48461